| 000 | 00442nam a2200169 a 4500 | ||
|---|---|---|---|
| 001 | 1767681890133 | ||
| 003 | YourLibrary | ||
| 005 | 20260107144232.0 | ||
| 008 | 260106s2008##################000#0#eng## | ||
| 020 | _a9781846841620 | ||
| 082 | 0 | 4 |
_a300.72 _bWEL |
| 100 | 1 |
_aWellington, Jerry, _eauthor. |
|
| 245 | 1 | 0 | _aResearch Methods For The Social Sciences : |
| 260 | _c2008. | ||
| 942 | _cENGLISH | ||
| 040 |
_aYourLibrary _beng _cYourLibrary |
||
| 999 |
_c607447 _d607447 |
||